000
00290nam a2200109Ia 4500
008
200302s9999 xx 000 0 und d
100
_a
Ari Meisel
245
_a
Leed Materials A Resource Guide to Green Building
260
_b
Princeton Architectural Press
260
_c
2010
300
_a
223 P.,
999
_c
2944
_d
2944